000 00665nam a2200229Ia 4500
001 2242
005 20240113233533.0
007 ta
008 050223s1913 a g b000 u eng u
040 _aRef. stack
041 _aeng
082 _a630.06
_bas 72 R
110 _aGovernment of Assam .
245 0 _aReport of the agricultural department, Assam for the year ending the 30th june 1913 /
_cGovernment of Assam.
_hReports
250 _a1st ed /
260 _aShillong :
_bAssam Secretariat ,
_c1913.
300 _a6p. :
_bill ;
_c32cm .
653 _aReport - agricultural department - Assam
942 _2ddc
_cBK
999 _c2235
_d2235